00457cam a2200169ua 45000010005000000080039000050400009000440410008000530820010000611000031000712450051001022500009001532600036001623000020001986530048002186530021002661336150730n ii |||gr||||Z||||||asm cMAIN aasm a361.1 aBarthakur, Birendra Nath., aSamajik samasya.cBy Birendra Nath Bartrhakur. a3rd. aJorhat.:bBidya Bhavan.,c2009. a196 p.:c20 cm. aSocial problems & social welfare in general aSamajik samasya.